000 00384nam a22001217a 4500
999 _c4574
_d4574
008 250304b ||||| |||| 00| 0 eng d
020 _a9780448484099
082 _a932 HOO
100 _aHOBBLER,DOROTHY AND THOMAS
_eAUTHOR
245 _aWHERE ARE THE GREAT PYRAMIDS?
260 _aPENGUIN RANDOM HOUSE LLC,345,HUDSON STREET,NEW YORK,NEW YORK 10014
_bPENGUIN WORKSHOP
_c2015
942 _2ddc